LEADER 01127nam a2200289 u 4500 001 000000014529 003 CaOOAMICUS 005 20070226105757.0 008 940517s1986 it u000 u ita u 020 $a884202743x 035 $a10343107 040 $aPUL(R)$bita 100 1 $aKant, Immanuel,$d1724-1804.$0(OLS)http://pul/name/8154 245 10$aLezioni di psicologia /$cImmanuel Kant. 260 $aRoma :$bLaterza,$c1986. 300 $a157 p. ;$c21 cm 490 1 $aBiblioteca universale (Laterza) ;$v175 504 $aBibliografia: p. 149-157. 650 4$aPsicologia e filosofia.$0(OLS)http://pul/subject/10167 830 0$aBiblioteca universale (Laterza) ;$v175.$0(OLS)http://pul/title/51 850 $aPUL 852 $aPUL$W1$xSL Filosofia 2$y80$mPhil A20 72$j20410$nBK-PRI$b $qStampati altre collocazioni$B20410$CPULBib$Z2$F20410 $H $81 941 1 $a10 961 $aINV: 70714 996 $6020$a884202743x$9(OLS)http://pul/number/18450 996 $6245$aLezioni di psicologia$9(OLS)http://pul/title/20868 996 $6260$aRoma :$bLaterza$9(OLS)http://pul/publisher/47864 LEADER 02624nam a2200469 a 4500 001 000000030714 003 CaOOAMICUS 005 20100917172033.0 008 970919m19852002gw u000 u ger r 020 $a3545231143 (Bd. I,1) 020 $a3545231194 (Bd. I,2) 020 $z3545231291 (Bd. I,3 - Benziger)* 020 $z3788715804 (Bd. I,3 - Neukirchener Verl.)* 020 $a3545231348 (Bd. I,4 - Benziger) 020 $a3788716819 (Bd. I,4 - Neukirchener Verl.) 035 $a10769941 040 $aPUL$bita$dPUL$delep 100 1 $aLuz, Ulrich,$d1938-$0(OLS)http://pul/name/24693 245 14$aDas Evangelium nach Matthäus /$cUlrich Luz. 260 $aZürich :$bBenziger ;$aNeukirchen-Vluyn :$bNeukirchener Verlag,$c1985-2002. 300 $a4 v. ;$c24 cm 490 1 $aEvangelisch-Katholischer Kommentar zum Neuen Testament ;$vI.1-4 505 1 $aV.1. Mt 1-7. -- v.2. Mt 8-17. -- v.3. Mt 18-25. -- v.4. Mt 26-28. 630 04$aBiblia.$pN.T.$pMatthaeus.$0(OLS)http://pul/subject/37788 730 0 $aBiblia.$pN.T.$pEvang. sec. Matthaeum.$lTedesco.$0(OLS)http://pul/title/41182 830 0$aEvangelisch-Katholischer Kommentar zum Neuen Testament ;$vI.1-4.$0(OLS)http://pul/title/42192 850 $aPUL 852 $aPUL$W1$xSL Religione 1$y3$m1(6) M 1.1$j42452$nBK-PRI$av.1.$qStampati$B42452$CPULBib$Z2$F42452 $H53621 $82 852 $aPUL$W1$xSL Religione 1$y3$m1(6) M 1.2$j141307$nBK-PRI$av.2.$qStampati$B140358$CPULBib$Z2$F140358 $H66412 $82 852 $aPUL$W1$xSL Religione 1$y3$m1(6) M 1.3$j141308$nBK-PRI$qStampati$q$av.3.$B140359$CPULBib$Z2$F140359 $H78133 $81 852 $aPUL$W1$xDP1 Religione 1$y20$m1(6) M 1.4$j141309$nBK-PRI$av.4.$qStampati$B140360$CPULBib$Z2$F140360 $H87817 $82 941 1 $a8 983 0$aEKK. 996 $6020$a3545231143 (Bd. I,1)$9(OLS)http://pul/number/38527 996 $6020$a3545231194 (Bd. I,2)$9(OLS)http://pul/number/38528 996 $6020$a3545231348 (Bd. I,4 - Benziger)$9(OLS)http://pul/number/38529 996 $6020$a3788716819 (Bd. I,4 - Neukirchener Verl.)$9(OLS)http://pul/number/38530 996 $6020$z3545231291 (Bd. I,3 - Benziger)*$9(OLS)http://pul/number/145380 996 $6020$z3788715804 (Bd. I,3 - Neukirchener Verl.)*$9(OLS)http://pul/number/145381 996 $6245$aDas Evangelium nach Matthäus$9(OLS)http://pul/title/42191 996 $6260$aZürich :$bBenziger$9(OLS)http://pul/publisher/60632 996 $6260$aNeukirchen-Vluyn :$bNeukirchener Verlag$9(OLS)http://pul/publisher/48213